000
00481nam a2200133Ia 4500
008
100328s9999 xx 000 0 und d
082
_b
67783
100
_a
घाटे निरंजन.
245
_a
अमेरिकन चित्रपटसृष्टी.
260
_b
प्राजक्त.
630
_a
अमेरिकन चित्रपटसृष्टी.
730
_a
अमेरिकन चित्रपटसृष्टी.
942
_c
BOOK
999
_c
553522
_d
553519